000 00412cam a2200181ua 4500
001 4117
008 111215n ii |||gr||||Z||||||asm
040 _cMAIN
082 _a891.4513
100 1 _aBora, Kusum,
245 1 1 _aAmrit
_cby Kusum Bora
250 _a1st.
260 _aGuwahati:
_bK. N. Duttabaruah,997.
300 _a72p:
_c23cm.
653 _aAssamese short stories
653 _aAmrit
942 _cBK
999 _c3939
_d3939